000 00264nam a2200121Ia 4500
100 _aJamsa
942 _cBK
654 _aHTML
245 _aHTML and Web Design-Tips and techniques
260 _bTata Mc Graw hill
_c2002
082 _a4.65
_bJAM
546 _aENGLISH
999 _c25976
_d25976